000 00554nam a2200229Ia 4500
003 OSt
005 20220918191417.0
006 a|||||r|||| 00| 0
007 ta
008 220917b |||||||| |||| 00| 0 eng d
024 _a63,225
037 _cTextual
040 _aARTS
_cARTS
_beng
041 _2eng
_aeng
082 _aR, E91
100 _aMackenzie J S
_976104
245 0 _aElements of constructive philosophy
260 _c1919
650 _aPHILOSOPHY
942 _hR, E91
_cTEXL
_2CC
999 _c189781
_d189781